Manchester City 2025 FIFA World Club Cup Squad - Statistics

General Stats
  • This quiz has been taken 180 times
  • The average score is 23 of 28
Answer Stats
# Position Player Nation % Correct
9 FW Erling Haaland
99%
3 DF Rúben Dias
99%
6 DF Nathan Aké
96%
7 FW Omar Marmoush
96%
11 FW Jérémy Doku
95%
5 DF John Stones
94%
24 DF Joško Gvardiol
93%
20 MF Bernardo Silva
92%
31 GK Ederson Moraes
92%
Manager Pep Guardiola
92%
25 DF Manuel Akanji
89%
16 MF Rodri
88%
19 MF İlkay Gündoğan
86%
18 GK Stefan Ortega
86%
47 MF Phil Foden
83%
45 DF Abdukodir Khusanov
81%
52 MF Oscar Bobb
80%
27 MF Matheus Nunes
75%
21 DF Rayan Aït-Nouri
75%
4 MF Tijjani Reijnders
75%
29 MF Rayan Cherki
74%
26 MF Savinho
74%
82 DF Rico Lewis
73%
14 MF Nico González
68%
22 DF Vitor Reis
57%
13 GK Marcus Bettinelli
54%
75 MF Nico O'Reilly
50%
30 MF Claudio Echeverri Argentina
46%
No matching quizzes found
Score Distribution
Percent of People with Each Score
Percentile by Number Answered
Your Score History
You have not taken this quiz